100 biggest cities in the European Union - Statistics

General Stats
  • This quiz has been taken 74 times
  • The average score is 68 of 100
Answer Stats
# Country Population City % Correct
1 3.685.265 Berlin
100%
4 2.103.778 Paris
98%
2 3.477.497 Madrid
97%
3 2.746.984 Rome
97%
5 2.028.289 Vienna
97%
11 1.505.005 Munich
95%
17 934.526 Amsterdam
94%
6 1.862.565 Hamburg
94%
26 684.018 Helsinki
94%
13 1.366.155 Milan
94%
16 995.574 Stockholm
94%
9 1.713.247 Barcelona
92%
29 667.099 Copenhagen
92%
49 545.796 Lisbon
92%
7 1.861.599 Warsaw
92%
32 643.449 Athens
90%
8 1.716.961 Bucharest
90%
10 1.685.209 Budapest
90%
23 756.021 Frankfurt
90%
19 886.040 Marseille
90%
18 908.082 Naples
90%
14 1.205.548 Sofia
90%
53 519.127 Lyon
89%
12 1.397.880 Prague
89%
28 672.960 Rotterdam
89%
20 856.745 Turin
89%
36 611.850 Leipzig
87%
46 564.904 Dresden
85%
42 591.882 Riga
85%
35 612.663 Stuttgart
85%
30 663.592 Zagreb
85%
15 1.024.621 Cologne
84%
40 592.713 Dublin
84%
34 618.685 Düsseldorf
82%
37 608.993 Gothenburg
82%
21 841.558 Valencia
82%
22 806.201 Kraków
81%
33 625.956 Palermo
81%
25 688.714 Seville
81%
59 456.518 Tallinn
79%
45 568.945 The Hague
79%
41 592.156 Vilnius
79%
73 350.975 Bilbao
77%
57 478.040 Bratislava
77%
69 362.353 Florence
77%
54 514.819 Toulouse
77%
52 522.131 Hanover
76%
67 365.644 Malmö
76%
43 586.271 Bremen
74%
56 487.371 Gdańsk
74%
39 597.173 Málaga
74%
48 562.002 Antwerp
73%
72 357.737 Nice
73%
62 390.734 Bologna
71%
44 574.682 Essen
71%
51 529.508 Nuremberg
71%
24 699.007 Zaragoza
71%
38 603.462 Dortmund
69%
61 402.739 Brno
68%
47 563.947 Genoa
68%
77 327.734 Nantes
68%
82 319.044 Thessaloniki
68%
31 652.015 Łódź
66%
98 290.903 Ljubljana
65%
89 305.314 Graz
63%
65 376.757 Utrecht
63%
27 673.743 Wrocław
63%
66 373.388 Aarhus
60%
85 315.473 Bari
60%
80 323.336 Bonn
60%
100 286.598 Cluj-Napoca
60%
50 538.439 Poznań
58%
95 293.771 Strasbourg
56%
76 329.489 Plovdiv
55%
90 304.210 Kaunas
53%
60 443.196 Palma
52%
55 502.270 Duisburg
50%
63 389.066 Szczecin
48%
83 318.737 Varna
48%
74 331.605 Bielefeld
47%
84 318.035 Mannheim
47%
58 477.631 Murcia
47%
68 365.586 Alicante
45%
93 297.517 Catania
45%
86 310.240 Montpellier
44%
75 329.565 Lublin
40%
92 301.105 Augsburg
39%
81 320.931 Espoo
39%
79 324.159 Córdoba
35%
88 308.258 Münster
35%
94 295.735 Vigo
32%
91 301.798 Valladolid
27%
97 291.688 Białystok
26%
87 309.050 Karlsruhe
26%
71 358.193 Wuppertal
26%
70 358.676 Bochum
24%
78 326.434 Bydgoszcz
24%
99 288.850 Wiesbaden
16%
96 292.161 L'Hospitalet deLlobregat
13%
64 384.023 Las Palmas deGran Canaria
6%
No matching quizzes found
Score Distribution
Percent of People with Each Score
Percentile by Number Answered
Your Score History
You have not taken this quiz